|
|
|
|
| LEADER |
00000nam a22000007a 4500 |
| 005 |
20190813222118.0 |
| 007 |
cr|||| |||| |
| 008 |
190813s2019 co |||||s|||| 00||0 spa d |
| 020 |
|
|
|a 9789585456303
|
| 035 |
|
|
|a 24038
|
| 040 |
|
|
|a vLex
|
| 090 |
|
|
|c 9172
|d 9172
|
| 100 |
1 |
|
|a Diazgranados Quimbaya, Carlos Manuel
|
| 245 |
1 |
0 |
|a Derecho laboral en Colombia
|h [Recurso electrn̤ico] /
|c Carlos Manuel Diazgranados Quimbaya, Luis Adolfo Da̕zgranados Quimbaya, Eduardo Andrš Perafǹ Del Campo, Luis Fernando Vallecilla Baena, Sehir Gm̤ez Escobar, Juan Diego Montenegro Timn̤, Javier Eduardo Almanza Junco
|
| 256 |
|
|
|a Servicio en ln̕ea
|
| 260 |
|
|
|a Bogot:̀
|b Universidad Catl̤ica de Colombia,
|c 2019
|
| 300 |
|
|
|a 1 recurso electrn̤ico
|
| 500 |
|
|
|a Esta obra recoge importantes discusiones que invitan a reflexionar respecto a la situacin̤ del Derecho Laboral en Colombia. Dichos aportes se consolidan como importantes soportes para estudiosos de las ciencias jurd̕icas y en general para quienes guardan relacin̤ con el quehacer del Derecho en materia laboral. A lo largo de este libro, los lectores encontrarǹ contribuciones que orbitan alrededor de la nueva concepcin̤ de los principios del Derecho Laboral y su aplicacin̤ en la sociedad actual. Igualmente, en el cuerpo de este trabajo se desarrollan importantes aportes que tienen como nc︢leo la identificacin̤ y el tratamiento del contrato realidad y del rǧimen econm̤ico del Derecho Laboral. Finalmente, se incorporan elementos que permiten comprender y divisar un panorama claro respecto al debido proceso disciplinario laboral y la intermediacin̤ y tercerizacin̤ laboral. Se espera que esta obra sea del ms̀ profundo agrado y utilidad para todos sus lectores.
|
| 506 |
1 |
|
|a Disponible solo en los productos indicados
|d vLex Global
|d vLex Global (Academic Edition, excluding Law Schools)
|d vLex Global (U.S. Academic Edition, Law Schools)
|d vLex Global (U.S. Academic Edition, excluding Law Schools)
|d vLex Global (Academic Edition, Law Schools)
|
| 650 |
0 |
4 |
|a Derecho Laboral y Seguridad Social
|z Colombia
|
| 700 |
1 |
|
|a Da̕zgranados Quimbaya, Luis Adolfo
|
| 700 |
1 |
|
|a Perafǹ Del Campo, Eduardo Andrš
|
| 700 |
1 |
|
|a Vallecilla Baena, Luis Fernando
|
| 700 |
1 |
|
|a Gm̤ez Escobar, Sehir
|
| 700 |
1 |
|
|a Montenegro Timn̤, Juan Diego
|
| 700 |
1 |
|
|a Almanza Junco, Javier Eduardo
|
| 740 |
0 |
|
|a vLex Libros (Servicio en ln̕ea)
|
| 856 |
4 |
0 |
|u http://vlex.com/source/derecho-laboral-en-colombia-24038
|z Acceso restringido
|
| 942 |
|
|
|c BOOK
|
| 999 |
0 |
|
|a Labor law and social security
|